[Event "Torneio Nacional de Mestres e Honra"]
[Site "Centro de Estagio do Jamor"]
[Date "2019.08.17"]
[Round "7.7"]
[White "Horta, Antonio"]
[Black "Santos, Ruben"]
[Result "1-0"]
[BlackElo "1722"]
[WhiteElo "1843"]
[WhiteTeam "Amadora Xadrez"]
[BlackTeam "Estrelas S. Joao Brito"]
[LiveChessVersion "1.4.8"]

1. e4 {[%clk 1:30:58]} e6 {[%clk 1:30:51]} 2. d4 {[%clk 1:30:04]} d5
{[%clk 1:31:14]} 3. exd5 {[%clk 1:30:27]} exd5 4. Bd3 Bd6 {[%clk 1:31:17]} 5. Ne2
{[%clk 1:30:44]} Ne7 {[%clk 1:31:44]} 6. Bf4 {[%clk 1:30:52]} O-O
{[%clk 1:32:07]} 7. O-O {[%clk 1:31:08]} Bf5 {[%clk 1:32:15]} 8. Bxd6
{[%clk 1:29:23]} Qxd6 {[%clk 1:32:42]} 9. Ng3 {[%clk 1:29:36]} Bg6
{[%clk 1:32:02]} 10. Bxg6 {[%clk 1:29:28]} fxg6 {[%clk 1:32:14]} 11. Nd2
{[%clk 1:26:36]} Nd7 {[%clk 1:32:14]} 12. Nf3 {[%clk 1:25:52]} Rae8
{[%clk 1:31:38]} 13. Qd2 {[%clk 1:22:45]} Nf5 {[%clk 1:30:26]} 14. Rae1
{[%clk 1:21:24]} Nxg3 {[%clk 1:29:46]} 15. hxg3 {[%clk 1:15:45]} Nf6
{[%clk 1:25:01]} 16. Rxe8 {[%clk 1:13:28]} Rxe8 {[%clk 1:25:03]} 17. Ne5
{[%clk 1:12:58]} c5 {[%clk 1:23:49]} 18. c3 {[%clk 1:13:11]} Ne4 {[%clk 1:23:06]}
19. Qe3 {[%clk 1:13:20]} c4 {[%clk 1:23:23]} 20. Kh2 {[%clk 1:10:24]} g5
{[%clk 1:20:43]} 21. f4 {[%clk 1:06:59]} gxf4 {[%clk 1:14:47]} 22. gxf4
{[%clk 1:06:24]} Qb6 {[%clk 1:14:07]} 23. f5 {[%clk 0:30:33]} Nf6
{[%clk 1:01:54]} 24. Qf3 {[%clk 0:24:29]} Re7 {[%clk 0:54:46]} 25. Rf2
{[%clk 0:22:12]} Ne4 {[%clk 0:51:49]} 26. Re2 {[%clk 0:18:53]} Qh6+
{[%clk 0:47:20]} 27. Kg1 {[%clk 0:19:16]} a5 {[%clk 0:47:26]} 28. Rxe4
{[%clk 0:18:23]} dxe4 {[%clk 0:42:02]} 29. Qxe4 {[%clk 0:18:51]} Qd6
{[%clk 0:40:50]} 30. Qg4 {[%clk 0:13:15]} b5 {[%clk 0:35:22]} 31. a4
{[%clk 0:12:37]} bxa4 {[%clk 0:33:33]} 32. Qf3 {[%clk 0:11:26]} h6
{[%clk 0:23:29]} 33. Qa8+ {[%clk 0:10:39]} Kh7 {[%clk 0:23:10]} 34. Ng6
{[%clk 0:10:20]} 1-0

[Event "Torneio Nacional de Mestres e Honra"]
[Site "Centro de Estagio do Jamor"]
[Date "2019.08.17"]
[Round "7.8"]
[White "Correia, Pedro"]
[Black "Lavrador, Rodolfo"]
[Result "1/2-1/2"]
[BlackElo "1840"]
[WhiteElo "1525"]
[WhiteTeam "Axportugal /Atlantidiagon"]
[BlackTeam "Clube Edp - Lisboa"]
[LiveChessVersion "1.4.8"]

1. e4 {[%clk 1:28:19]} e6 {[%clk 1:30:50]} 2. Nf3 {[%clk 1:28:19]} d5
{[%clk 1:30:11]} 3. exd5 {[%clk 1:25:38]} exd5 {[%clk 1:30:29]} 4. b3
{[%clk 1:24:39]} c5 {[%clk 1:29:24]} 5. Bb2 {[%clk 1:21:58]} Nf6 {[%clk 1:29:06]}
6. Be2 {[%clk 1:17:28]} Nc6 {[%clk 1:27:47]} 7. O-O {[%clk 1:15:26]} Bd6
{[%clk 1:27:48]} 8. d4 {[%clk 1:11:38]} O-O {[%clk 1:28:03]} 9. dxc5
{[%clk 1:11:39]} Bxc5 {[%clk 1:28:17]} 10. c4 {[%clk 1:08:59]} d4
{[%clk 1:25:22]} 11. a3 {[%clk 1:05:06]} a5 {[%clk 1:24:09]} 12. Bd3
{[%clk 1:04:25]} Bg4 {[%clk 1:23:41]} 13. Nbd2 {[%clk 1:01:50]} Ne5
{[%clk 1:23:21]} 14. Qc2 {[%clk 0:49:07]} Bxf3 {[%clk 1:20:07]} 15. Nxf3
{[%clk 0:48:38]} Nxf3+ {[%clk 1:20:30]} 16. gxf3 {[%clk 0:48:31]} Qd6
{[%clk 1:18:27]} 17. Qd2 {[%clk 0:44:04]} Rfe8 {[%clk 1:16:21]} 18. b4 axb4 19.
axb4 {[%clk 0:32:57]} Rxa1 {[%clk 1:14:46]} 20. Rxa1 {[%clk 0:31:46]} Bxb4
{[%clk 1:15:05]} 21. Qg5 {[%clk 0:27:06]} Re1+ {[%clk 1:06:27]} 22. Rxe1
{[%clk 0:26:35]} Bxe1 {[%clk 1:06:47]} 23. Qf5 {[%clk 0:22:02]} g6
{[%clk 1:03:12]} 24. c5 {[%clk 0:15:09]} Qd8 {[%clk 1:03:04]} 25. Qe5
{[%clk 0:13:56]} Bc3 {[%clk 1:02:09]} 26. Bc1 {[%clk 0:11:39]} Ba5
{[%clk 0:52:18]} 27. Bb2 {[%clk 0:07:20]} Bc3 {[%clk 0:50:45]} 28. Bc1
{[%clk 0:07:46]} Kg7 {[%clk 0:46:52]} 29. Kf1 {[%clk 0:05:17]} Ba5
{[%clk 0:40:32]} 30. Qg5 {[%clk 0:05:13]} Nd7 {[%clk 0:39:24]} 31. Qd5
{[%clk 0:04:25]} Qe8 {[%clk 0:38:11]} 32. Qxd4+ {[%clk 0:04:18]} f6 33. Bb2
1/2-1/2

[Event "Torneio Nacional de Mestres e Honra"]
[Site "Centro de Estagio do Jamor"]
[Date "2019.08.17"]
[Round "7.9"]
[White "Guia, Artur"]
[Black "Dong, Rafael"]
[Result "1-0"]
[BlackElo "1432"]
[WhiteElo "1808"]
[WhiteTeam "Axportugal /Atlantidiagon"]
[BlackTeam "Cx Sintra"]
[LiveChessVersion "1.4.8"]

1. b3 {[%clk 1:30:58]} Nf6 {[%clk 1:30:59]} 2. Bb2 {[%clk 1:31:22]} g6
{[%clk 1:31:22]} 3. g3 {[%clk 1:31:47]} Bg7 {[%clk 1:31:38]} 4. Bg2
{[%clk 1:32:12]} O-O {[%clk 1:31:45]} 5. Nf3 {[%clk 1:32:37]} b6 {[%clk 1:32:08]}
6. O-O {[%clk 1:32:46]} Bb7 {[%clk 1:32:24]} 7. c4 {[%clk 1:32:42]} c5
{[%clk 1:32:48]} 8. d4 {[%clk 1:31:44]} cxd4 {[%clk 1:33:07]} 9. Nxd4
{[%clk 1:31:51]} Bxg2 {[%clk 1:32:12]} 10. Kxg2 {[%clk 1:32:17]} Qc8
{[%clk 1:31:09]} 11. Nc3 {[%clk 1:29:19]} Qb7+ {[%clk 1:31:32]} 12. Kg1
{[%clk 1:29:17]} d6 {[%clk 1:30:28]} 13. Qc2 {[%clk 1:23:32]} Nbd7
{[%clk 1:24:47]} 14. Rfd1 {[%clk 1:19:58]} Nc5 {[%clk 1:15:41]} 15. Nf3
{[%clk 1:15:37]} Nce4 {[%clk 1:13:54]} 16. Nd5 {[%clk 1:15:02]} Rfd8
{[%clk 1:02:16]} 17. Rab1 {[%clk 1:12:39]} e6 {[%clk 0:57:37]} 18. Nxf6+
{[%clk 1:12:06]} Nxf6 {[%clk 0:56:58]} 19. Bc3 {[%clk 1:12:17]} Nh5
{[%clk 0:50:14]} 20. Rd3 {[%clk 1:11:33]} Bxc3 {[%clk 0:48:20]} 21. Qxc3
{[%clk 1:12:00]} Ng7 {[%clk 0:42:34]} 22. Rbd1 {[%clk 1:12:15]} Qe7
{[%clk 0:42:51]} 23. Qb4 {[%clk 1:12:25]} Ne8 {[%clk 0:40:24]} 24. Ne5
{[%clk 1:11:46]} Qc7 {[%clk 0:40:08]} 25. Ng4 {[%clk 1:11:51]} Kg7
{[%clk 0:36:14]} 26. Qc3+ {[%clk 1:10:09]} f6 {[%clk 0:36:30]} 27. Rf3
{[%clk 1:10:10]} e5 {[%clk 0:36:24]} 28. Qd2 {[%clk 1:10:25]} g5 {[%clk 0:35:39]}
29. Nxf6 {[%clk 1:10:23]} h6 {[%clk 0:31:47]} 30. Nxe8+ {[%clk 1:07:45]} Rxe8
{[%clk 0:32:07]} 31. Qxd6 {[%clk 1:08:11]} Qxd6 {[%clk 0:30:54]} 32. Rxd6
{[%clk 1:08:30]} Rad8 {[%clk 0:30:16]} 33. Rfd3 {[%clk 1:08:49]} Rxd6
{[%clk 0:30:36]} 34. Rxd6 {[%clk 1:09:15]} Re7 {[%clk 0:30:49]} 35. h4
{[%clk 1:09:13]} gxh4 {[%clk 0:29:31]} 36. gxh4 {[%clk 1:09:32]} h5
{[%clk 0:29:48]} 37. Kg2 {[%clk 1:09:55]} 1-0

[Event "Torneio Nacional de Mestres e Honra"]
[Site "Centro de Estagio do Jamor"]
[Date "2019.08.17"]
[Round "7.10"]
[White "Dong, Fabio"]
[Black "Morais, Vitor"]
[Result "0-1"]
[BlackElo "1907"]
[WhiteElo "1433"]
[WhiteTeam "Cx Sintra"]
[BlackTeam "Clube Edp - Lisboa"]
[LiveChessVersion "1.4.8"]

1. c4 {[%clk 1:30:57]} c5 {[%clk 1:30:52]} 2. Nc3 {[%clk 1:31:18]} Nf6
{[%clk 1:31:16]} 3. g3 {[%clk 1:31:05]} d5 {[%clk 1:31:38]} 4. cxd5
{[%clk 1:30:59]} Nxd5 {[%clk 1:32:00]} 5. Bg2 {[%clk 1:31:08]} Nc7
{[%clk 1:32:22]} 6. Nf3 {[%clk 1:31:27]} Nc6 {[%clk 1:32:46]} 7. O-O
{[%clk 1:31:02]} e5 {[%clk 1:33:09]} 8. d3 {[%clk 1:31:25]} f6 {[%clk 1:33:34]}
9. Bd2 {[%clk 1:26:28]} Be7 {[%clk 1:33:54]} 10. a3 {[%clk 1:24:25]} Rb8
{[%clk 1:33:04]} 11. Na2 {[%clk 1:17:58]} O-O {[%clk 1:31:33]} 12. b4
{[%clk 1:17:10]} Be6 {[%clk 1:31:50]} 13. bxc5 {[%clk 1:16:42]} Bxc5
{[%clk 1:32:07]} 14. Nb4 {[%clk 1:16:55]} Qe7 {[%clk 1:32:01]} 15. Rb1
{[%clk 1:16:40]} Rfd8 {[%clk 1:31:03]} 16. Qc2 {[%clk 1:15:37]} Nd4
{[%clk 1:29:18]} 17. Nxd4 {[%clk 1:15:43]} Bxd4 18. Bc3 {[%clk 1:14:38]} Nb5
{[%clk 1:27:37]} 19. Bb2 {[%clk 1:11:39]} a5 {[%clk 1:27:33]} 20. a4
{[%clk 1:10:17]} axb4 {[%clk 1:24:31]} 21. axb5 {[%clk 1:10:35]} b3
{[%clk 1:24:51]} 22. Qd2 {[%clk 1:09:49]} Bc5 {[%clk 1:24:02]} 23. Rfc1
{[%clk 1:06:36]} Rbc8 {[%clk 1:23:56]} 24. Ra1 {[%clk 1:03:13]} Bb4
{[%clk 1:13:19]} 25. Bc3 {[%clk 1:02:43]} Bxc3 {[%clk 1:13:13]} 26. Rxc3
{[%clk 1:02:12]} Qb4 {[%clk 1:12:45]} 27. Rxc8 {[%clk 1:01:57]} Qxd2
{[%clk 1:13:06]} 28. Rxd8+ {[%clk 1:02:20]} Kf7 {[%clk 1:13:28]} 29. Be4
{[%clk 0:55:47]} b2 {[%clk 1:13:42]} 30. Rb1 {[%clk 0:52:25]} Qc1+
{[%clk 1:13:38]} 31. Rxc1 {[%clk 0:52:07]} bxc1=Q+ {[%clk 1:13:52]} 32. Kg2
{[%clk 0:52:00]} f5 {[%clk 1:13:50]} 33. Bxb7 {[%clk 0:52:04]} Qc7
{[%clk 1:14:09]} 34. Kf1 0-1